Disney Princess Lyrics- Fill in the blanks - Statistics

General Stats
  • This quiz has been taken 123 times
  • The average score is 6 of 13
Answer Stats
Lyric Princess Answer % Correct
Can it be, I'm not meant to ____ this part Mulan play
78%
I can lead with pride, I can make us strong, I'll be ________ if I play along Moana satisfied
71%
I'm like a _____ star, I've come so far, I can't go back to where I used to be Jasmine shooting
70%
You're not a voice, you're just _______ in my ear Elsa ringing
62%
Tonight imagine me gown and all, fetchingly _______ against the wall Anna draped
60%
What would I pay to spend a day _____ on the sand? Ariel warm
54%
So I work ___ hard each and every day, now things for sure are going my way Tiana real
48%
I could go running and racing and dancing and chasing and _____ and bounding Rapunzel leaping
41%
There's something sweet, and almost kind, but he was mean and he was ______ and unrefined Belle coarse
38%
Have faith in your dreams and some day, your rainbow will come _______ through Cinderella smiling
26%
Can i ignore that sound of _______ drumming? Pocahontas distant
24%
Yes I know it's true, that ______ are seldom all they seem Aurora visions
23%
and ________ together we can tidy up the place Snow White cheerfully
4%
No matching quizzes found
Score Distribution
Percent of People with Each Score
Percentile by Number Answered
Your Score History
You have not taken this quiz